Estudio de prefactibilidad del sistema de abastecimiento de agua potable de Cahuita Limón

Uloženo v:
Podrobná bibliografie
Hlavní autor: Villalobos Murillo, Roy
Médium: Kniha
Vydáno: San José, Costa Rica 1994
Témata:
Tagy: Přidat tag
Žádné tagy, Buďte první, kdo vytvoří štítek k tomuto záznamu!

MARC

LEADER 00000nam a2200000Ia 4500
003 007004
005 20221231144315.0
008 140114s1994 cr a m 000 ||s d
040 |c cru CEDI 
090 |a TFG 2778 
100 |a Villalobos Murillo, Roy  |9 12047 
245 |a Estudio de prefactibilidad del sistema de abastecimiento de agua potable de Cahuita Limón 
260 |c 1994  |a San José, Costa Rica 
300 |a [163] hojas : ilustraciones ; 28 cm.  
500 |a  Proyecto de graduacion (licenciatura en ingenieria civil)--Universidad de Costa Rica. Facultad de Ingeniería. Escuela de Ingenieria Civil 
650 |x SUMINISTRO DE AGUA - CAHUITA (LIMON, COSTA RICA)  |9 12048 
942 |c TFG 
999 |c 19917  |d 19917